| 000 | 00864nam a22002057a 4500 | ||
|---|---|---|---|
| 001 | EIF-IV-1999-M3-011 | ||
| 003 | OSt | ||
| 005 | 20221108134816.0 | ||
| 008 | 221108b |||||||| |||| 00| 0 eng d | ||
| 040 |
_aFundación Jesús Pereda _cFundación Jesús Pereda |
||
| 041 | _aCastellano | ||
| 100 |
_aIbarz Gelabert, Jordi _9125 |
||
| 111 |
_aEncuentro de Investigadores del Franquismo _c(Valencia. _d1999. _n4º) _996 |
||
| 245 |
_aSindicalismo sin organización. _bLa reconstrucción de la acción obrera de los estibadores de Barcelona en los años 50 _c/Jordi Ibarz Gelabert |
||
| 650 | 0 |
_9122 _aClase obrera |
|
| 651 | 0 |
_9129 _aCataluña _zBarcelona |
|
| 773 |
_tActas del IV Encuentro de Investigadores del Franquismo _g352-356 p. |
||
| 856 | _uhttps://bibliotecaccoocyl.fundacionjesuspereda.es/cgi-bin/koha/opac-retrieve-file.pl?id=9121b974b263475cd7025132b0e00efd | ||
| 942 |
_2ddc _cCF _n0 |
||
| 999 |
_c167 _d167 |
||